| 000 | 01197nam2a22002651 4500 | ||
|---|---|---|---|
| 001 | rc\939996 | ||
| 005 | 20250612180328.0 | ||
| 035 | _a(NLR Aleph) 008769479 | ||
| 090 |
_a7915017 _c7915017 |
||
| 100 | _a20041129d1982 |||y0rusy50 ca | ||
| 101 | 1 |
_arus _dger |
|
| 102 | _aRU | ||
| 105 | _aa ||||||||| | ||
| 200 | 0 |
_aТ. 3 _fПер. Л.В. Алексеевой |
|
| 210 |
_d1982 _aБ. м. |
||
| 215 |
_a344 с. _cил. |
||
| 320 | _aБиблиогр. в конце глав | ||
| 320 | _aУказ. предм. и латин. назв.: с. 322-342 | ||
| 461 | 0 |
_1001rc\939993 _12001#$aМолекулярная и клеточная биология$eВ 3 т.$fПер. с нем. Л.В. Алексеевой, Л.С. Шляхтенко$gПод ред. В.А. Энгельгардта$vТ. 3 _1700#1$aЗенгбуш$bП.$gПетер _97858983 _aЗенгбуш, П. _cМ. _d1982- _fПер. с нем. Л.В. Алексеевой, Л.С. Шляхтенко _nМир _oВ 3 т. _tМолекулярная и клеточная биология _vТ. 3 |
|
| 801 | 0 |
_aRU _bNLR _gpsbo |
|
| 801 | 1 |
_aRU _bELAR _2rusmarc |
|
| 801 | 2 |
_aRU _bNLR _c20050718 _2rusmarc |
|
| 852 |
_aNLR _j82-5/3856 |
||
| 942 | _cBOOK | ||
| 980 | _aNB | ||